| 000 | 00966nam a22002898i 4500 | ||
|---|---|---|---|
| 999 |
_c29088 _d29059 |
||
| 001 | 019010140 | ||
| 003 | EG-ScBUE | ||
| 005 | 20210419103311.0 | ||
| 008 | 180607t2011 enka f 000 0 eng d | ||
| 020 | _a9781912217847 (pbk.) | ||
| 040 |
_aStDuBDS _beng _erda _cStDuBDS _dEG-ScBUE |
||
| 082 | 0 | 4 |
_a709.22 _bSTO _222 |
| 100 | 1 | 0 |
_aStobart, Jane, _eauthor. |
| 245 | 1 | 0 |
_aExtraordinary sketchbooks / _cJane Stobart. |
| 264 | 1 |
_aLondon : _bHerbert Press : _bBloomsbury Publishing Plc, _c2011. |
|
| 300 |
_a144 pages : _billustrations (black and white, and colour) ; _c21 cm |
||
| 336 |
_atext _2rdacontent _btxt |
||
| 336 |
_astill image _2rdacontent _btxt |
||
| 337 |
_aunmediated _2rdamedia _bn |
||
| 338 |
_avolume _2rdacarrier _bnc |
||
| 500 | _aOriginally published: London: A. & C. Black, 2011. | ||
| 650 | 7 |
_aArtists' preparatory studies. _2BUEsh |
|
| 650 | 7 |
_aArtists. _2BUEsh |
|
| 653 |
_bGGEN _cApril2021 |
||
| 655 |
_vReading book _934232 |
||
| 942 |
_2ddc _cBB |
||